| 000 | 00857nam a2200253 a 4500 | ||
|---|---|---|---|
| 001 | 1991 | ||
| 003 | BD-RjUL | ||
| 005 | 20211208233447.0 | ||
| 008 | 131210s1963 enk b 001 0 eng d | ||
| 035 |
_a(BD-RjUL)2018 _aCURL 05UE00017374(Lon) from rgc091 |
||
| 040 |
_aBD-RjUL _beng _cBD-RjUL _dBD-RjUL |
||
| 041 | _aeng | ||
| 082 | 0 | 4 |
_221 _a320.954 _bPOL 1963 |
| 245 | 0 | 0 |
_aPolitics and society in India / _cedited by C.H. Philips. |
| 260 |
_aLondon : _bGeorge Allen & Unwin, _cc1963 |
||
| 300 |
_a190 p. ; _c23 cm. |
||
| 490 | 1 |
_aStudies on modern Asia and Africa ; _vno. 1 |
|
| 504 | _aIncludes bibliographical references and index. | ||
| 651 | 0 |
_aIndia _xPolitics and government _y1947- _96098 |
|
| 830 | 0 |
_v1 _96574 |
|
| 700 | 1 |
_aPhilips, C. H. _q(Cyril Henry), _d1912-2005. _96560 |
|
| 830 | 0 |
_aStudies on modern Asia and Africa ; _96575 |
|
| 942 |
_2ddc _cBK |
||
| 999 |
_c1991 _d1991 |
||